LIBRARY & INFORMATION CENTRE, KCAET, TAVANUR

ONLINE PUBLIC ACCESS CATALOGUE (OPAC)

Fundamentals of geographic information systems / (Record no. 13491)

MARC details
000 -LEADER
fixed length control field 00336cam a2200133ua 4500
020 ## - INTERNATIONAL STANDARD BOOK NUMBER
ISBN 9788126516865
082 ## - DEWEY DECIMAL CLASSIFICATION NUMBER
Classification number 550.006
Item number DEM/FU
100 ## - MAIN ENTRY--AUTHOR NAME
Personal name DeMers, Michael N .
245 ## - TITLE STATEMENT
Title Fundamentals of geographic information systems /
250 ## - EDITION STATEMENT
Edition statement 4 /
260 ## - PUBLICATION, DISTRIBUTION, ETC. (IMPRINT)
Place of publication London :
Name of publisher John Wiley & Sons ,
Year of publication 2009.
300 ## - PHYSICAL DESCRIPTION
Number of Pages ; .
942 ## - ADDED ENTRY ELEMENTS (KOHA)
Koha item type Books
Holdings
Withdrawn status Lost status Damaged status Home library Current library Date acquired Full call number Accession Number Koha item type Collection code Shelving location Source of acquisition Cost, normal purchase price
      KAUAET KAUAET 07/04/2012 550.006 22219 Books        
      KAUAET KAUAET 31/03/2012 550.006 DEM/FU 23083 Books Non-fiction General Stacks International Books and periodical supply service, New Delhi 449.00
free website counter